000 00447nam a22001697a 4500
003 MACL
005 20160115142344.0
008 160115b xxu||||| |||| 00| 0 eng d
040 _cMACL
041 _aEnglish
082 _a300/CHA
100 _aChatterji,Shoma A
_932599
245 _aWomen in Perspective Essays on Gender Issues
260 _aNew Delhi
_bVitasta Publishing Pvt.Ltd
_c2010
650 _aSocial Science
_932600
942 _2ddc
_cBK
999 _c52448
_d52448